000 01140 a2200229 4500
001 33909
005 20260407155629.0
008 260407a2013 arg spa d
003 AR-UNSa-BCEJYS
040 _aAR-UNSa-BCEJYS
_bspa
_cAR-UNSa-BCEJYS
080 _a342.924
_xActos legales. Actos administrativos. (Procesal administrativo)
245 1 0 _aLa voluntad en los actos administrativos
020 _a978-987-694-005-4
264 1 _aBuenos Aires :
_bEdiciones Rap
_c2013
300 _a352 p.
_c24 cm.
505 _a1. Función administrativa y acto administrativo - 2. El acto administrativo y el acto o negocio jurídico del derecho privado - 3. La teoría del órgano y sus consecuencias en el concepto de acto administrativo - 4. Los defectos o vicios de la voluntad en el acto administrativo - 5. Los vicios en la voluntad orgánica y la discrecionalidad administrativa - 6. Conclusiones .
041 _aspa
942 _cBK
590 _aniveau_biblio:m niveau_hierar:0
100 1 _aSilva Tamayo, Gustavo E.
856 4 1 _uhttps://biblioeco.unsa.edu.ar/pmb/images/libros/voluntades_actos_admin.jpg
_yImagen de portada
_qimage/jpeg
999 _c2403
_d2403